000 00506nam a22001937a 4500
003 koha_MIRAKIL
005 20231213095913.0
008 231213b |||||||| |||| 00| 0 ||| d
020 _b9-75263391-9
040 _aTR-IsEVY
_btur
_cTR-IsEVY
082 _a813.42 GUR/K
100 _aGurtuyev, Eldar.
245 0 _aKafkasyalı Hasan
260 _bTimaş Yayınları,
_c2006
300 _a203 s.
650 _aTürk edebiyatı -- Roman.
650 _aTurkish literature -- Fiction.
942 _2ddc
_cBK
999 _c11349
_d11349